000
00237nam a22000977a 4500
999
_c
16252
_d
16252
003
OSt
008
200626b ||||| |||| 00| 0 eng d
100
_a
കെ സുരേന്ദ്രൻ
_9
4650
245
_a
ജ്വാല
942
_c
BK